| 000 | 00891nam a2200253 i 4500 | ||
|---|---|---|---|
| 001 | 133776 | ||
| 003 | ES-MaACL | ||
| 005 | 20230906194529.0 | ||
| 007 | t| | ||
| 008 | 070829s2001 fr ||||1| fre d | ||
| 080 | _a34(038) | ||
| 100 | 1 |
_aGuillien, Raymond. _960811 |
|
| 245 | 1 | 0 |
_aLexique des termes juridiques / _cRaymond Guillien et Jean Vincent ; sous la direction de Serge Guinchard , Gabriel Montagnier ; avec le concours, pou la présente édition de Jacques Azema ... [et al.]. |
| 250 | _a13e éd. | ||
| 260 |
_aParis : _bDalloz, _c[2001] |
||
| 300 |
_a592 p. ; _c19 cm. |
||
| 500 | _aBiblioteca Jacinto Martínez Lacalle. | ||
| 650 | 1 | 4 |
_aDerecho- _vDiccionarios. _911610 |
| 700 | 1 |
_aVincent, Jean. _9115308 |
|
| 700 | 1 |
_aGuinchard, Serge. _960852 |
|
| 700 | 1 |
_aMontagnier, Gabriel. _982317 |
|
| 700 | 1 |
_aAzema, Jacques. _924285 |
|
| 852 |
_aES-MaACL _jE-12061 _bR.139986 |
||
| 999 |
_c133776 _d133776 |
||